Odd But True Facts V Quiz Stats

Quiz Updated Jan 14, 2016

Challenge
Share
Tweet
Embed
Score 0/25 Timer 05:00
3 Plays Today
% Correct
a teaspoon of honey
95.9%
females
94.9%
fart in a Disney movie
94.5%
Miley Cyrus
92.8%
the sun
92.7%
Snoop Dogg
92.2%
medical bills
91.3%
a zombie apocalypse
90.8%
give birth to quadruplets
90%
human skin
90%
portrayed negatively
88.3%
his own paintings
88.1%
a wallpaper cleaner
87.8%
% Correct
sniper
87.7%
a single cell
87.4%
slipping on an orange peel
86.8%
alive today
86.4%
invented the emoticon
83.9%
a hitman
82.5%
a giant banana
81.5%
shark
74.2%
a drive-through McDonald's
72.7%
having your appendix removed
70.7%
Rihanna stripping in his field
68.5%
knocking praying mantis pods from Christmas trees
47.9%

You're not logged in!

Compare scores with friends on all Sporcle quizzes.
Sign Up with Email
OR
Log In

You Might Also Like...

Show Comments

Extras

Top Quizzes Today


Score Distribution

Your Account Isn't Verified!

In order to create a playlist on Sporcle, you need to verify the email address you used during registration. Go to your Sporcle Settings to finish the process.